00579nam a22001457a 4500082000800000100002900008245010100037260003700138300001900175650004700194700003900241942001300280999001900293952012100312 a621 aRasheed, M. Muneeb Hamid aMulti-Criteria Workspace Optimization of Parallel Kinematics Machines /cM. Muneeb Hamid Rasheed aIslamabad :bCEME - NUST,c2014. a66 p. ;c30cm. aMechatronics Engineering-MS-Thesis 916096 aDr. Kunwar Faraz Ahmed Khan917311 2ddccTHE c536347d536347 00102ddc406621_000000000000000709499759aCLbCLcTHEd2020-10-14l0o621pCL-T-403r2020-10-14w2020-10-14yTHE